[Event "XI Open Amateur de Calvia"]
[Site "Calvia - Mallorca"]
[Date "2014.10.08"]
[Round "5"]
[Board "13"]
[White "Al Khouri, Ismaeil E"]
[Black "Jouanneaud, Jean Daniel"]
[Result "1/2-1/2"]
[WhiteElo "2094"]
[BlackElo "1960"]
[PlyCount "53"]
[EventDate "2014.10.04"]
[EventRounds "9"]
[EventCountry "ESP"]

1. Nf3 f5 2. d3 d6 3. Nbd2 Nf6 4. e4 e5 5. c3 Be7 6. Qb3 h6 7. Be2 Na6 8. Nh4
Nc5 9. Qc2 fxe4 10. dxe4 Be6 11. b4 Ncd7 12. Ng6 Rg8 13. Bc4 Nf8 14. Nxf8 Bxc4
15. Nxc4 Rxf8 16. O-O Nh5 17. Ne3 Qc8 18. Qa4+ Kf7 19. Qb3+ Kg6 20. Nc4 Qe6 21.
Ne3 Qxb3 22. axb3 Nf4 23. Ra2 Bg5 24. Rd1 Ne6 25. Nd5 Kf7 26. Ra1 a6 27. f3
 1/2-1/2

[Event "XI Open Amateur de Calvia"]
[Site "Calvia - Mallorca"]
[Date "2014.10.08"]
[Round "5"]
[Board "14"]
[White "Obers, Frits"]
[Black "Cerdo Fernandez, Miguel"]
[Result "1-0"]
[WhiteElo "2081"]
[BlackElo "1911"]
[PlyCount "67"]
[EventDate "2014.10.04"]
[EventRounds "9"]
[EventCountry "ESP"]

1. c4 e5 2. g3 Nf6 3. Bg2 Nc6 4. Nc3 Bb4 5. Nd5 Bc5 6. e3 O-O 7. Ne2 Nb4 8.
Nxb4 Bxb4 9. a3 Be7 10. b4 a5 11. Bb2 axb4 12. axb4 Rxa1 13. Qxa1 Bxb4 14. Bxe5
Be7 15. O-O d6 16. Bc3 b6 17. Nd4 Be6 18. d3 Ne8 19. Qb2 Bf6 20. Ra1 d5 21. Nc6
Qd6 22. cxd5 Bd7 23. d4 Bxc6 24. Bb4 Qd7 25. dxc6 Qg4 26. Qa3 Nd6 27. Bxd6 cxd6
28. Qxd6 h5 29. c7 h4 30. h3 Qf5 31. g4 Qc2 32. Qxf8+ Kxf8 33. Ra8+ Ke7 34.
c8=Q 1-0

[Event "XI Open Amateur de Calvia"]
[Site "Calvia - Mallorca"]
[Date "2014.10.08"]
[Round "5"]
[Board "15"]
[White "Navarrete Terrasa, Sebastian"]
[Black "Nicholson, John"]
[Result "1-0"]
[WhiteElo "2019"]
[BlackElo "1781"]
[PlyCount "53"]
[EventDate "2014.10.04"]
[EventRounds "9"]
[EventCountry "ESP"]

1. d4 d5 2. c4 e6 3. Nc3 c5 4. cxd5 cxd4 5. Qxd4 Nc6 6. Qd1 exd5 7. Qxd5 Bd7 8.
Nf3 Nf6 9. Qd1 Bc5 10. e3 O-O 11. Be2 Re8 12. O-O Qe7 13. a3 Rad8 14. b4 Bb6
15. Bb2 Bg4 16. Qc2 Nd5 17. Rfd1 Nxe3 18. fxe3 Qxe3+ 19. Kh1 Bxf3 20. Bxf3 Nd4
21. Qd3 Qf2 22. Qd2 Qh4 23. Nd5 Nxf3 24. gxf3 Rxd5 25. Qxd5 Bc7 26. Qd2 Qh5 27.
Qg2 1-0

[Event "XI Open Amateur de Calvia"]
[Site "Calvia - Mallorca"]
[Date "2014.10.08"]
[Round "5"]
[Board "16"]
[White "Juan Mas, Santiago"]
[Black "Al-Zaabi, Sultan"]
[Result "1-0"]
[WhiteElo "2007"]
[BlackElo "1690"]
[PlyCount "85"]
[EventDate "2014.10.04"]
[EventRounds "9"]
[EventCountry "ESP"]

1. Nf3 c5 2. g3 Nc6 3. Bg2 g6 4. d3 Bg7 5. c3 e5 6. e4 d6 7. O-O Nge7 8. a3 a5
9. a4 O-O 10. Na3 h6 11. Nb5 f5 12. Qb3+ Kh7 13. Nd2 Rf6 14. exf5 gxf5 15. Qc2
Be6 16. Nc4 Bd5 17. f4 Bxg2 18. Kxg2 Ng6 19. Bd2 exf4 20. Bxf4 Nxf4+ 21. Rxf4
d5 22. Nd2 Qd7 23. d4 cxd4 24. Nxd4 Nxd4 25. cxd4 Kh8 26. Raf1 Raf8 27. Nf3 Rc6
28. Qd3 Re6 29. Nh4 Qxa4 30. Nxf5 Ref6 31. b3 Qd7 32. g4 b5 33. R4f2 a4 34.
bxa4 bxa4 35. Rf3 Rg8 36. h3 Bf8 37. Nh4 Rxf3 38. Rxf3 Qd6 39. Rf7 Rg7 40. Qf5
Be7 41. Qc8+ Rg8 42. Qc2 Rg7 43. Rxg7 1-0

[Event "XI Open Amateur de Calvia"]
[Site "Calvia - Mallorca"]
[Date "2014.10.08"]
[Round "5"]
[Board "19"]
[White "Sokalskaja, Elena"]
[Black "Lim, Mark"]
[Result "1-0"]
[WhiteElo "2032"]
[BlackElo "1869"]
[PlyCount "73"]
[EventDate "2014.10.04"]
[EventRounds "9"]
[EventCountry "ESP"]

1. d4 Nf6 2. Nf3 e6 3. g3 b5 4. Bg2 d5 5. O-O Bb7 6. Ne5 Nbd7 7. f4 c5 8. c3
Bd6 9. a4 b4 10. a5 a6 11. Nd2 O-O 12. Ndf3 Ne4 13. Nxd7 Qxd7 14. cxb4 cxb4 15.
Ne5 Qb5 16. Qd3 Bc6 17. Be3 Qb7 18. Nxc6 Qxc6 19. Rfc1 Qb7 20. Bf3 Rfc8 21. Kg2
f5 22. h4 Rxc1 23. Rxc1 Rc8 24. g4 Rxc1 25. Bxc1 Qc6 26. Be3 Bc7 27. Qd1 Bxa5
28. Qb3 g6 29. h5 fxg4 30. Bxg4 Nf6 31. Bf3 Nxh5 32. f5 Qd6 33. fxe6 Bc7 34.
Qxd5 Nf6 35. Qxd6 Bxd6 36. Bh6 a5 37. Bc6 1-0

[Event "XI Open Amateur de Calvia"]
[Site "Calvia - Mallorca"]
[Date "2014.10.08"]
[Round "5"]
[Board "24"]
[White "Ruprich, Udo"]
[Black "Abrines Sampol, Llorenç"]
[Result "1-0"]
[WhiteElo "1960"]
[BlackElo "1756"]
[PlyCount "67"]
[EventDate "2014.10.04"]
[EventRounds "9"]
[EventCountry "ESP"]

1. e4 c6 2. d4 d5 3. Nc3 dxe4 4. Nxe4 Nf6 5. Ng3 h5 6. h4 Bg4 7. f3 Bf5 8. Nxf5
Qa5+ 9. Bd2 Qxf5 10. Bd3 Qd5 11. Ne2 e6 12. O-O Be7 13. c4 Qd8 14. Bg5 Nbd7 15.
Qc2 Qc7 16. a3 a5 17. Rae1 O-O 18. Qd2 Rfe8 19. Bb1 Rad8 20. Nc3 Bd6 21. Ne4
Be7 22. Qc2 g6 23. Re2 Nxe4 24. Rxe4 Bxg5 25. hxg5 Qg3 26. f4 Nf8 27. Rf3 Qg4
28. Qc1 h4 29. f5 Qh5 30. Rh3 gxf5 31. Rexh4 Qe2 32. Re3 Rxd4 33. Rxd4 Qh5 34.
Qe1 1-0

[Event "XI Open Amateur de Calvia"]
[Site "Calvia - Mallorca"]
[Date "2014.10.08"]
[Round "5"]
[Board "27"]
[White "Nettleton, Charlie B"]
[Black "Ferrer Mygina, Juan"]
[Result "1-0"]
[WhiteElo "1899"]
[BlackElo "1567"]
[PlyCount "59"]
[EventDate "2014.10.04"]
[EventRounds "9"]
[EventCountry "ESP"]

1. d4 Nf6 2. Nf3 g6 3. Bf4 Bg7 4. e3 d6 5. h3 O-O 6. c4 c5 7. Nc3 Qa5 8. Bd3
cxd4 9. exd4 Nh5 10. Be3 Nc6 11. a3 e5 12. b4 Qd8 13. d5 e4 14. Nxe4 Bxa1 15.
Qxa1 Ne5 16. Nxe5 dxe5 17. g4 f5 18. gxh5 fxe4 19. Bxe4 Qf6 20. hxg6 hxg6 21.
Rg1 Bf5 22. Bxf5 Qxf5 23. Rg5 Qf6 24. Qb1 Kg7 25. Qe4 Rae8 26. a4 Rh8 27. Qg4
Kf7 28. Bxa7 e4 29. Bc5 Rxh3 30. Qd7+ 1-0

[Event "XI Open Amateur de Calvia"]
[Site "Calvia - Mallorca"]
[Date "2014.10.08"]
[Round "5"]
[Board "32"]
[White "Mackay, Ian W"]
[Black "Garcia Alvarez, Javier Ii"]
[Result "1/2-1/2"]
[WhiteElo "1695"]
[BlackElo "1812"]
[PlyCount "63"]
[EventDate "2014.10.04"]
[EventRounds "9"]
[EventCountry "ESP"]

1. c4 e5 2. g3 Nf6 3. Bg2 Nc6 4. b3 Bc5 5. Nc3 a6 6. e3 d6 7. Nge2 Bg4 8. h3
Bh5 9. Bb2 Rb8 10. g4 Bg6 11. d4 exd4 12. Nxd4 Nxd4 13. exd4 Qe7+ 14. Ne2 Bb4+
15. Kf1 h6 16. Nf4 Bh7 17. Qe2 Qxe2+ 18. Nxe2 O-O 19. a3 Ba5 20. b4 Bb6 21. f4
Ne4 22. Rd1 c6 23. f5 Rfe8 24. Bf3 g6 25. fxg6 fxg6 26. Kg2 d5 27. cxd5 cxd5
28. Nf4 Rbd8 29. Rhe1 g5 30. Nd3 Re7 31. Nc5 Rde8 32. Re2 1/2-1/2

[Event "XI Open Amateur de Calvia"]
[Site "Calvia - Mallorca"]
[Date "2014.10.08"]
[Round "5"]
[Board "34"]
[White "Hardwick, A William"]
[Black "Busom Ferrer, Manuel"]
[Result "0-1"]
[WhiteElo "1451"]
[BlackElo "1738"]
[PlyCount "52"]
[EventDate "2014.10.04"]
[EventRounds "9"]
[EventCountry "ESP"]

1. e4 e5 2. Nf3 Nc6 3. d4 exd4 4. Nxd4 Nf6 5. Nc3 Bb4 6. Nxc6 bxc6 7. Bd2 Qe7
8. Bd3 d5 9. f3 dxe4 10. Nxe4 Nxe4 11. fxe4 h5 12. Bxb4 Qxb4+ 13. c3 Qxb2 14.
O-O Bg4 15. Qe1 O-O 16. e5 Rad8 17. Qe4 g6 18. Bc4 Kg7 19. Qxc6 Rd2 20. Bd5 Bc8
21. Qf6+ Kh7 22. Qg5 Rxd5 23. Qe7 Kg8 24. Qxc7 Rd2 25. e6 Bxe6 26. Qg3 Bd5 0-1

[Event "XI Open Amateur de Calvia"]
[Site "Calvia - Mallorca"]
[Date "2014.10.08"]
[Round "5"]
[Board "36"]
[White "Garrido Lluy, Javier"]
[Black "Garcia Comendador, Simon"]
[Result "0-1"]
[WhiteElo "1874"]
[BlackElo "1692"]
[PlyCount "74"]
[EventDate "2014.10.04"]
[EventRounds "9"]
[EventCountry "ESP"]

1. e4 e5 2. Nf3 d6 3. Nc3 Nf6 4. Bc4 Be7 5. O-O Bg4 6. h3 Bh5 7. d3 h6 8. g4
Bg6 9. Be3 Nbd7 10. b4 c6 11. Qd2 Nb6 12. Bb3 h5 13. g5 Nfd7 14. h4 Qc7 15. a4
O-O 16. a5 Nc8 17. Ne2 Rd8 18. Ng3 Nf8 19. Nf5 Ne6 20. Qc3 Bf8 21. d4 exd4 22.
N3xd4 Nxd4 23. Bxd4 Bxf5 24. exf5 d5 25. Qf3 Bxb4 26. Qxh5 Qf4 27. g6 fxg6 28.
fxg6 Qxd4 29. Qh7+ Kf8 30. Qh8+ Ke7 31. Qh5 Kd7 32. Rad1 Qf4 33. Rd3 Bd6 34.
Rg3 Ne7 35. Kg2 Rh8 36. Qg4+ Qxg4 37. Rxg4 Rh6 0-1

[Event "XI Open Amateur de Calvia"]
[Site "Calvia - Mallorca"]
[Date "2014.10.08"]
[Round "5"]
[Board "37"]
[White "Linale Moreira, Eric"]
[Black "Flores Munoz, Daniel"]
[Result "1/2-1/2"]
[WhiteElo "1842"]
[BlackElo "1679"]
[PlyCount "58"]
[EventDate "2014.10.04"]
[EventRounds "9"]
[EventCountry "ESP"]

1. d4 d5 2. c4 c6 3. Nf3 e6 4. g3 Bd6 5. Bg2 f5 6. Nc3 Nf6 7. Bg5 O-O 8. Qc2
Be7 9. O-O Ne4 10. Bxe7 Qxe7 11. Nd2 Nd7 12. f3 Nxc3 13. Qxc3 e5 14. e4 fxe4
15. fxe4 dxe4 16. Nxe4 exd4 17. Qxd4 Qe5 18. Rxf8+ Kxf8 19. Rf1+ Kg8 20. Qf2
Qe7 21. c5 h6 22. Qd4 Qe6 23. h4 b6 24. b4 Ba6 25. Rf2 bxc5 26. bxc5 Rb8 27.
Kh2 Qe7 28. Nd6 Rf8 29. Rd2 Ne5 1/2-1/2

[Event "XI Open Amateur de Calvia"]
[Site "Calvia - Mallorca"]
[Date "2014.10.08"]
[Round "5"]
[Board "38"]
[White "Ramis Sebastia, Jordi Salvador"]
[Black "Birkestrand, Odd"]
[Result "1/2-1/2"]
[WhiteElo "1646"]
[BlackElo "1830"]
[PlyCount "26"]
[EventDate "2014.10.04"]
[EventRounds "9"]
[EventCountry "ESP"]

1. d4 Nf6 2. c4 c5 3. d5 b5 4. b3 b4 5. g3 d6 6. Bg2 g6 7. Bb2 Bg7 8. Nd2 O-O
9. e4 Bb7 10. Qc2 Nbd7 11. Ngf3 Qc7 12. O-O a5 13. Rae1 Ne8 1/2-1/2

[Event "XI Open Amateur de Calvia"]
[Site "Calvia - Mallorca"]
[Date "2014.10.09"]
[Round "6"]
[Board "1"]
[White "Gavrish, Leonid"]
[Black "Longa Yauca, Javier"]
[Result "1-0"]
[WhiteElo "2217"]
[BlackElo "2277"]
[PlyCount "85"]
[EventDate "2014.10.04"]
[EventRounds "9"]
[EventCountry "ESP"]

1. d4 Nf6 2. c4 e6 3. Nc3 Bb4 4. e3 c5 5. Bd3 Nc6 6. Nge2 O-O 7. a3 Bxc3+ 8.
Nxc3 d6 9. O-O e5 10. d5 Ne7 11. b4 b6 12. Bb2 Re8 13. Qc2 Ng6 14. Rae1 Bd7 15.
b5 a6 16. a4 Qe7 17. f3 Ra7 18. Qf2 Qd8 19. Bb1 Nf8 20. g4 h6 21. h4 N6h7 22.
Ne4 Bc8 23. Qg3 axb5 24. axb5 Ra4 25. Bd3 Ra2 26. Rf2 Nf6 27. Nxf6+ gxf6 28. f4
Ra7 29. g5 hxg5 30. hxg5 fxg5 31. fxe5 dxe5 32. Bxe5 Nd7 33. Bf6 Nxf6 34. Qxg5+
Kf8 35. Qh6+ Ke7 36. Qxf6+ Kd7 37. Qc6+ Ke7 38. Qf6+ Kd7 39. Bf5+ Kc7 40. Qc6+
Kb8 41. Bxc8 Qxc8 42. Qxb6+ Rb7 43. Qd6+ 1-0

[Event "XI Open Amateur de Calvia"]
[Site "Calvia - Mallorca"]
[Date "2014.10.09"]
[Round "6"]
[Board "2"]
[White "Sokalsky, Alexander"]
[Black "Sorm, Daniel"]
[Result "1/2-1/2"]
[WhiteElo "2238"]
[BlackElo "2315"]
[PlyCount "129"]
[EventDate "2014.10.04"]
[EventRounds "9"]
[EventCountry "ESP"]

1. g3 e5 2. c4 Nf6 3. Nc3 Bb4 4. Bg2 O-O 5. Nf3 Re8 6. O-O e4 7. Nd4 Nc6 8. Nc2
Bxc3 9. dxc3 Ne5 10. b3 h6 11. c5 b6 12. Ba3 bxc5 13. Bxc5 d6 14. Ba3 Bd7 15.
c4 Qc8 16. Bb2 Bh3 17. f4 exf3 18. exf3 Bxg2 19. Kxg2 Qb7 20. h3 Re7 21. Rf2
Rae8 22. Bxe5 dxe5 23. Ne3 e4 24. f4 Rd7 25. Qf1 Red8 26. Re1 Rd3 27. Rfe2 h5
28. Qf2 a5 29. Kh2 Qb4 30. Kg2 Rd2 31. Rxd2 Rxd2 32. Re2 Rd3 33. Qe1 Qxe1 34.
Rxe1 Rd2+ 35. Kf1 Rxa2 36. Nf5 Rb2 37. Re3 Kf8 38. Nd4 g6 39. Re2 Rb1+ 40. Re1
Rb2 41. Re2 Rb1+ 42. Re1 Rxe1+ 43. Kxe1 Ke7 44. Nc6+ Kd6 45. Nxa5 Kc5 46. Nb7+
Kb4 47. Nd8 Kxb3 48. c5 Kc4 49. c6 Kd3 50. Nxf7 Ke3 51. Ne5 Nd5 52. Nxg6 Kf3
53. Nf8 Kxg3 54. Ne6 Nxf4 55. Nxc7 Nd3+ 56. Ke2 Ne5 57. Ne8 Nxc6 58. Nf6 h4 59.
Nxe4+ Kxh3 60. Kf2 Kh2 61. Ng5 Ne5 62. Nf3+ Nxf3 63. Kxf3 Kg1 64. Kg4 h3 65.
Kxh3 1/2-1/2

[Event "XI Open Amateur de Calvia"]
[Site "Calvia - Mallorca"]
[Date "2014.10.09"]
[Round "6"]
[Board "3"]
[White "Tscharotschkin, Michael"]
[Black "Gromovs, Sergejs"]
[Result "1/2-1/2"]
[WhiteElo "2144"]
[BlackElo "2243"]
[PlyCount "96"]
[EventDate "2014.10.04"]
[EventRounds "9"]
[EventCountry "ESP"]

1. e4 d6 2. Nc3 Nf6 3. f4 g6 4. Bc4 c6 5. Bb3 Bg7 6. Nf3 O-O 7. O-O b5 8. e5
dxe5 9. fxe5 Nd5 10. d4 b4 11. Nxd5 cxd5 12. a3 bxa3 13. Rxa3 Nc6 14. c3 Na5
15. Ng5 Nxb3 16. Qxb3 Bf5 17. Qb7 a5 18. Qb5 Qd7 19. Qxd7 Bxd7 20. e6 fxe6 21.
Rxf8+ Bxf8 22. Nf3 a4 23. Ne5 Bb5 24. b3 Bg7 25. bxa4 Rxa4 26. Rxa4 Bxa4 27.
Bg5 Kf8 28. Kf2 Ke8 29. Ke3 Bf6 30. Bh6 Bc2 31. g3 Bf5 32. Nf3 Kd7 33. Ng5 e5
34. Nxh7 exd4+ 35. cxd4 Bh8 36. Bf4 Kc6 37. Ng5 Kb5 38. Nf3 Kc4 39. g4 Bc2 40.
h4 Bd1 41. Be5 Bxf3 42. Bxh8 Bxg4 43. Kf4 Bh5 44. Kg5 Kd3 45. Be5 Ke4 46. Bh8
Kf3 47. Be5 Ke4 48. Bh8 Kf3 1/2-1/2

[Event "XI Open Amateur de Calvia"]
[Site "Calvia - Mallorca"]
[Date "2014.10.09"]
[Round "6"]
[Board "4"]
[White "Spence, David J"]
[Black "Stark, Ingo"]
[Result "1-0"]
[WhiteElo "2222"]
[BlackElo "2128"]
[PlyCount "41"]
[EventDate "2014.10.04"]
[EventRounds "9"]
[EventCountry "ESP"]

1. e4 c5 2. c3 d5 3. exd5 Qxd5 4. d4 Nf6 5. Nf3 Bg4 6. dxc5 Qxd1+ 7. Kxd1 e5 8.
b4 e4 9. h3 Bh5 10. g4 Nxg4 11. hxg4 Bxg4 12. Nbd2 exf3 13. Bd3 Nd7 14. Re1+
Be7 15. Kc2 Kf8 16. Nc4 Nf6 17. Na5 b6 18. Nc6 Nd5 19. Bc4 Bf5+ 20. Kb2 Nxb4
21. Rxe7 1-0

[Event "XI Open Amateur de Calvia"]
[Site "Calvia - Mallorca"]
[Date "2014.10.09"]
[Round "6"]
[Board "5"]
[White "Hoyer, Jacob"]
[Black "Alfven, Jorgen"]
[Result "1-0"]
[WhiteElo "2193"]
[BlackElo "1929"]
[PlyCount "73"]
[EventDate "2014.10.04"]
[EventRounds "9"]
[EventCountry "ESP"]

1. d4 Nf6 2. c4 e6 3. Nc3 c5 4. d5 exd5 5. cxd5 d6 6. e4 g6 7. Nge2 Bg7 8. Ng3
O-O 9. Be2 a6 10. a4 Nbd7 11. O-O Re8 12. Be3 Qc7 13. Rc1 Ne5 14. h3 Rb8 15.
Qd2 Qe7 16. Bg5 Qf8 17. Be3 b5 18. axb5 axb5 19. Nxb5 Bd7 20. Nxd6 Qxd6 21.
Bxc5 Qc7 22. f4 Nxe4 23. Nxe4 Rxb2 24. Qd1 Nc4 25. Rxc4 Bb5 26. Qd3 f5 27. d6
Qf7 28. Ng3 Rexe2 29. Nxe2 Bxc4 30. d7 Bf8 31. d8=Q Bxd3 32. Bxf8 Qxf8 33. Qxd3
Qc5+ 34. Kh2 g5 35. fxg5 Qe5+ 36. Nf4 Rb4 37. Qd5+ 1-0

[Event "XI Open Amateur de Calvia"]
[Site "Calvia - Mallorca"]
[Date "2014.10.09"]
[Round "6"]
[Board "6"]
[White "Khouri, Ibrahim Mohamed"]
[Black "Schuermans, Robert"]
[Result "1/2-1/2"]
[WhiteElo "2191"]
[BlackElo "2085"]
[PlyCount "42"]
[EventDate "2014.10.04"]
[EventRounds "9"]
[EventCountry "ESP"]

1. e4 e5 2. Nf3 Nc6 3. Bb5 f5 4. d3 fxe4 5. dxe4 Nf6 6. O-O d6 7. Nc3 Be7 8.
Be3 O-O 9. Bc4+ Kh8 10. Ng5 Qe8 11. Ne6 Bxe6 12. Bxe6 Bd8 13. Bh3 Ne7 14. g3
Qg6 15. f3 Nh5 16. Bg2 c6 17. Qd2 Bb6 18. Bxb6 axb6 19. a4 Rad8 20. Qe3 Nc8 21.
Rf2 Qe6 1/2-1/2

[Event "XI Open Amateur de Calvia"]
[Site "Calvia - Mallorca"]
[Date "2014.10.09"]
[Round "6"]
[Board "8"]
[White "Juan Mas, Santiago"]
[Black "Lorenz, Joerg"]
[Result "1/2-1/2"]
[WhiteElo "2007"]
[BlackElo "2157"]
[PlyCount "40"]
[EventDate "2014.10.04"]
[EventRounds "9"]
[EventCountry "ESP"]

1. Nf3 d5 2. g3 Nf6 3. Bg2 e6 4. d3 b6 5. Nbd2 Bb7 6. O-O Nbd7 7. e4 dxe4 8.
Ng5 h6 9. Ngxe4 Nxe4 10. Nxe4 Rb8 11. b3 Nc5 12. Bb2 Nxe4 13. dxe4 Qxd1 14.
Raxd1 Rg8 15. Rd3 Rd8 16. Rfd1 Rxd3 17. Rxd3 f6 18. Rc3 Kd7 19. Rd3+ Ke8 20.
Rc3 Kd7 1/2-1/2

[Event "XI Open Amateur de Calvia"]
[Site "Calvia - Mallorca"]
[Date "2014.10.09"]
[Round "6"]
[Board "9"]
[White "Ponce Cano, Adrian"]
[Black "Hoenick, Andreas"]
[Result "1-0"]
[WhiteElo "1996"]
[BlackElo "2141"]
[PlyCount "65"]
[EventDate "2014.10.04"]
[EventRounds "9"]
[EventCountry "ESP"]

1. e4 e6 2. d3 d5 3. Nd2 Nf6 4. Ngf3 b6 5. e5 Nfd7 6. d4 c5 7. c3 Nc6 8. Bb5
Qc7 9. O-O Be7 10. Re1 Bb7 11. Nf1 Rc8 12. Ng3 a6 13. Bxc6 Qxc6 14. Bf4 O-O 15.
Qd2 cxd4 16. Nxd4 Qc7 17. Bg5 Qd8 18. Bxe7 Qxe7 19. Qf4 h6 20. h4 Rc4 21. Qg4
Kh7 22. b3 Rxd4 23. cxd4 Rc8 24. Rac1 Qb4 25. Nf5 g6 26. Nd6 Rxc1 27. Rxc1 Nxe5
28. Qf4 Qxd6 29. dxe5 Qd7 30. Qd4 Qd8 31. Qc3 Qxh4 32. Qc7 Qf4 33. g3 1-0

[Event "XI Open Amateur de Calvia"]
[Site "Calvia - Mallorca"]
[Date "2014.10.09"]
[Round "6"]
[Board "12"]
[White "Galiana Salom, Juan Ramon"]
[Black "Ruprich, Udo"]
[Result "1-0"]
[WhiteElo "2263"]
[BlackElo "1960"]
[PlyCount "55"]
[EventDate "2014.10.04"]
[EventRounds "9"]
[EventCountry "ESP"]

1. e4 e6 2. d4 d5 3. Nd2 c5 4. exd5 exd5 5. Ngf3 Nc6 6. Be2 Nf6 7. O-O Be7 8.
dxc5 Bxc5 9. Nb3 Bd6 10. Bg5 Be6 11. Nfd4 O-O 12. c4 Be5 13. c5 h6 14. Bh4 Qe7
15. Rc1 Rac8 16. f4 Bb8 17. Nxc6 bxc6 18. Nd4 Bd7 19. Rc3 Rfe8 20. Ba6 Rc7 21.
Re1 Qd8 22. Rxe8+ Bxe8 23. Nf5 Rd7 24. Nxg7 Kxg7 25. Rg3+ Kf8 26. Qd4 Qe7 27.
Bxf6 Qe1+ 28. Bf1 1-0

[Event "XI Open Amateur de Calvia"]
[Site "Calvia - Mallorca"]
[Date "2014.10.09"]
[Round "6"]
[Board "13"]
[White "Sokalskaja, Elena"]
[Black "Al Khouri, Ismaeil E"]
[Result "1-0"]
[WhiteElo "2032"]
[BlackElo "2094"]
[PlyCount "63"]
[EventDate "2014.10.04"]
[EventRounds "9"]
[EventCountry "ESP"]

1. g3 Nf6 2. Bg2 d6 3. e4 e5 4. Ne2 Nbd7 5. d4 g6 6. O-O Bg7 7. Nbc3 c6 8. h3
O-O 9. Be3 Ne8 10. Qd2 f5 11. Rad1 Qc7 12. Bh6 Ndf6 13. dxe5 dxe5 14. b3 Kh8
15. Rfe1 fxe4 16. g4 Qe7 17. Bxg7+ Kxg7 18. Ng3 Nc7 19. Bxe4 Ne6 20. Bg2 Nd7
21. Nce4 Nd4 22. Re3 Nf6 23. c3 Ne6 24. Nd6 Nc5 25. b4 Na4 26. c4 Nb6 27. Qb2
Rd8 28. c5 Nc4 29. Nxc4 Rxd1+ 30. Kh2 Be6 31. Nxe5 Re8 32. g5 1-0

[Event "XI Open Amateur de Calvia"]
[Site "Calvia - Mallorca"]
[Date "2014.10.09"]
[Round "6"]
[Board "14"]
[White "Gaitan Moyano, Juan"]
[Black "Melich, Jindrich"]
[Result "1/2-1/2"]
[WhiteElo "2015"]
[BlackElo "2084"]
[PlyCount "60"]
[EventDate "2014.10.04"]
[EventRounds "9"]
[EventCountry "ESP"]

1. e4 d6 2. d4 Nf6 3. Nc3 g6 4. Nf3 Bg7 5. Be3 c6 6. Bd3 Qc7 7. h3 Nbd7 8. Qd2
b5 9. O-O Bb7 10. a3 a6 11. Bh6 Bxh6 12. Qxh6 e5 13. dxe5 dxe5 14. Rfe1 Qd6 15.
Rad1 Qf8 16. Qg5 Qe7 17. Qh6 Qf8 18. Qg5 h6 19. Qe3 Qe7 20. Ne2 Nh5 21. c4 Ng7
22. cxb5 axb5 23. Ng3 Ne6 24. Ne2 Ng5 25. Nh2 Ne6 26. Kh1 Qg5 27. Qf3 Qf6 28.
Qe3 Qg5 29. Qf3 Qd8 30. Qe3 Qg5 1/2-1/2

[Event "XI Open Amateur de Calvia"]
[Site "Calvia - Mallorca"]
[Date "2014.10.09"]
[Round "6"]
[Board "16"]
[White "Nettleton, Charlie B"]
[Black "Pena Torres, Jose Carlos"]
[Result "0-1"]
[WhiteElo "1899"]
[BlackElo "2043"]
[PlyCount "128"]
[EventDate "2014.10.04"]
[EventRounds "9"]
[EventCountry "ESP"]

1. d4 Nf6 2. Nf3 e6 3. Nbd2 c5 4. e3 b6 5. Bd3 Ba6 6. Qe2 Bxd3 7. Qxd3 Nc6 8.
c3 Be7 9. O-O O-O 10. e4 cxd4 11. Nxd4 Ne5 12. Qe2 Rc8 13. f4 Nc6 14. N2f3 Nxd4
15. Nxd4 d5 16. e5 Ne4 17. Qh5 Bc5 18. Be3 Qe8 19. Rae1 Bxd4 20. Bxd4 f5 21.
Qxe8 Rfxe8 22. Re2 b5 23. a3 a5 24. Rc2 Rc6 25. g3 Rec8 26. Kg2 b4 27. axb4
axb4 28. Rfc1 Rc4 29. b3 R4c6 30. c4 dxc4 31. Rxc4 Rxc4 32. Rxc4 Rxc4 33. bxc4
b3 34. Kf3 Nd2+ 35. Ke2 Nxc4 36. Kd3 b2 37. Kc2 b1=Q+ 38. Kxb1 Nd2+ 39. Kc2 Nf3
40. Bc5 Nxh2 41. Kd3 Kf7 42. Ke2 Ng4 43. Kf3 g5 44. Bb4 gxf4 45. gxf4 Ke8 46.
Be1 Kd7 47. Bg3 Kc6 48. Ke2 Kc5 49. Kd3 Kd5 50. Be1 Nh2 51. Bg3 Ng4 52. Be1 Nh6
53. Bf2 Nf7 54. Bg3 Nh8 55. Bh4 Ng6 56. Bg3 h5 57. Ke3 Kc4 58. Bh2 h4 59. Bg1
Ne7 60. Bf2 h3 61. Bg1 Nd5+ 62. Kf3 Kd3 63. Bh2 Ne3 64. Bg1 Ng4 0-1

[Event "XI Open Amateur de Calvia"]
[Site "Calvia - Mallorca"]
[Date "2014.10.09"]
[Round "6"]
[Board "17"]
[White "Zayed, Ali Al-Hamed"]
[Black "Cemborain Oricain, Alfonso"]
[Result "1-0"]
[WhiteElo "1984"]
[BlackElo "1896"]
[PlyCount "89"]
[EventDate "2014.10.04"]
[EventRounds "9"]
[EventCountry "ESP"]

1. e4 c6 2. d4 d5 3. e5 c5 4. dxc5 e6 5. a3 Bxc5 6. b4 Bb6 7. Nf3 Ne7 8. Bb2
Nbc6 9. Bd3 Qc7 10. O-O Ng6 11. Re1 Qe7 12. Nbd2 O-O 13. g3 Rd8 14. h4 Nf8 15.
Nf1 a5 16. b5 Nb8 17. Ne3 Nbd7 18. Ng4 Nc5 19. Ng5 Nxd3 20. cxd3 Bd7 21. Nf6+
Kh8 22. Qh5 Bxf2+ 23. Kxf2 Qc5+ 24. d4 Qc2+ 25. Kg1 gxf6 26. Nxf7+ Kg8 27. Nh6+
Kh8 28. Nf7+ Kg8 29. Nh6+ Kh8 30. Qf7 Qg6 31. Qxg6 Nxg6 32. Nf7+ Kg8 33. Nxd8
Rxd8 34. exf6 Kf7 35. a4 Kxf6 36. Bc1 Rc8 37. Bg5+ Kf7 38. Rf1+ Ke8 39. Rac1
Ne7 40. Bxe7 Kxe7 41. Rxc8 Bxc8 42. Rc1 Kd7 43. Kf2 Kd8 44. Ke3 Bd7 45. Kf4 1-0

[Event "XI Open Amateur de Calvia"]
[Site "Calvia - Mallorca"]
[Date "2014.10.09"]
[Round "6"]
[Board "18"]
[White "Guski, Dietmar"]
[Black "Terradas Calafell, Jaume"]
[Result "1/2-1/2"]
[WhiteElo "2089"]
[BlackElo "1758"]
[PlyCount "52"]
[EventDate "2014.10.04"]
[EventRounds "9"]
[EventCountry "ESP"]

1. e4 e6 2. d4 d5 3. Nc3 Nf6 4. Bg5 Bb4 5. e5 h6 6. Bd2 Bxc3 7. bxc3 Ne4 8. Qg4
g6 9. Bd3 Nxd2 10. Kxd2 Qe7 11. h4 c5 12. Nf3 c4 13. Be2 Nd7 14. a4 a5 15. Qf4
Nb6 16. Nh2 h5 17. g4 Bd7 18. gxh5 O-O-O 19. hxg6 fxg6 20. Ng4 Rxh4 21. Rxh4
Qxh4 22. Qf7 Qg5+ 23. Ke1 Rh8 24. Nf6 Qg2 25. Bf1 Qf3 26. Ra3 Rd8 1/2-1/2

[Event "XI Open Amateur de Calvia"]
[Site "Calvia - Mallorca"]
[Date "2014.10.09"]
[Round "6"]
[Board "19"]
[White "Nicholson, John"]
[Black "Khouri, Ahmed Abbas"]
[Result "1/2-1/2"]
[WhiteElo "1781"]
[BlackElo "2008"]
[PlyCount "41"]
[EventDate "2014.10.04"]
[EventRounds "9"]
[EventCountry "ESP"]

1. e4 e5 2. Nf3 Nc6 3. Bb5 Nf6 4. d3 Bc5 5. c3 O-O 6. O-O Re8 7. d4 Bb6 8. Bg5
exd4 9. cxd4 Rxe4 10. Nc3 Rg4 11. h3 Rxg5 12. Nxg5 Nxd4 13. Bc4 d5 14. Nxd5
Nxd5 15. Qh5 Be6 16. Qxh7+ Kf8 17. Qh8+ Ke7 18. Qxg7 Nf5 19. Nxe6 Nxg7 20. Nxd8
Rxd8 21. Rad1 1/2-1/2

[Event "XI Open Amateur de Calvia"]
[Site "Calvia - Mallorca"]
[Date "2014.10.09"]
[Round "6"]
[Board "20"]
[White "Busom Ferrer, Manuel"]
[Black "Vallbona Domingo, Joan"]
[Result "0-1"]
[WhiteElo "1738"]
[BlackElo "2005"]
[PlyCount "56"]
[EventDate "2014.10.04"]
[EventRounds "9"]
[EventCountry "ESP"]

1. e4 c5 2. Nf3 e6 3. d4 cxd4 4. Nxd4 a6 5. Bd3 g6 6. Be3 Bg7 7. Nc3 Ne7 8. Qd2
b5 9. O-O Bb7 10. f4 Nbc6 11. Nce2 f5 12. exf5 gxf5 13. c3 O-O 14. Ng3 Qc7 15.
Nh5 Rf7 16. Rae1 Kh8 17. Nf3 h6 18. Qf2 Qd8 19. Nxg7 Kxg7 20. Bd4+ Nxd4 21.
Qxd4+ Rf6 22. Re3 Nd5 23. Re5 Qc7 24. Rfe1 Rc8 25. Bxf5 Qc5 26. Rxd5 Bxd5 27.
Re5 Qxd4+ 28. cxd4 Bxa2 0-1